Trouve toutes les célébrités qui ont été juge de Mask Singer - Statistiques

Statistiques générales
  • Ce quiz a été pris 78 fois
  • Le résultat moyen est 9 sur 12
Statistiques - réponses
Indices Réponses % Correct
Saison 1-7(Noel) Kev Adams
100%
Saison 6-7(Noel) Laurent Ruquier
92%
Saison 4,6-7(Noel) Chantal Ladesou
89%
Saison 1-3 Jarry
89%
Saison 6 Inès Reg
70%
Saison 7 Elodie Poux
67%
Saison 4-5 Jeff Panacloc
67%
Saison 1-3 Alessandra Sublet
66%
Saison 5 Elodie Frege
66%
Saison 1-3(Noel) Angunn
52%
Saison 5 Michèle Bernier
50%
Saison 4 Vitaa
50%
Aucun quiz correspondant
Distribution des résultats
% des personnes avec chaque résultat
Percentile par nombre de réponses
Votre historique - résultats
Vous n’avez pas pris ce quiz